| 000 | 00566nam a2200205 a 4500 | ||
|---|---|---|---|
| 005 | 20210219152841.0 | ||
| 008 | 991125n 000 0 spa u | ||
| 035 | _aUPN01000062924 | ||
| 222 | _aCOMUNICACION EDUCATIVA SEP | ||
| 245 | _aAcuerdo presidencial que incorpora al IMSS a más de 400 mil estudiantes | ||
| 260 | _aMéxico | ||
| 300 | _a7 | ||
| 362 | 0 | _a1987 Año 5, no. 45, jun. | |
| 653 | 0 | _aEDUCACION MEDIA SUPERIOR | |
| 653 | 0 | _aEDUCACION SUPERIOR | |
| 653 | 0 | _aIMSS | |
| 653 | 0 | _aSEGURIDAD SOCIAL | |
| 904 |
_aAC _b000735 |
||
| 905 | _aArticulo | ||
| 999 |
_c61911 _d61911 |
||